Trouvez le joueur de foot - Statistiques

Statistiques générales
  • Ce quiz a été pris 238 fois
  • Le résultat moyen est 9 sur 15
Statistiques - réponses
Pays Numéro Club Réponse % Correct
🇫🇷 10 PSG Ousmane Dembélé
89%
🇩🇪 1 Bayern Munich Manuel Neuer
87%
🇧🇷 10 Al-Hilal Neymar
87%
🇦🇷 11 Benfica Ángel Di María
82%
🇵🇹 10 AC Milan Rafael Leão
82%
🇪🇸 6 Atlético Madrid Koke
69%
🇨🇭 34 Bayer Leverkusen Granit Xhaka
62%
🇫🇷 2 Chelsea Axel Disasi
58%
🏴󠁧󠁢󠁳󠁣󠁴󠁿 26 FC Liverpool Andrew Robertson
57%
🇫🇷 26 Udinese Florian Thauvin
56%
🇯🇵 18 Arsenal Takehiro Tomiyasu
47%
🇩🇪 15 Borussia Dortmund Mats Hummels
46%
🇩🇿 17 Olympique lyonnais Saïd Benrahma
40%
🇮🇹 5 Juventus Manuel Locatelli
31%
🇩🇪 25 Borussia Dortmund Niklas Süle
31%
Aucun quiz correspondant
Distribution des résultats
% des personnes avec chaque résultat
Percentile par nombre de réponses
Votre historique - résultats
Vous n’avez pas pris ce quiz